Visualizzazione normale
Vista MARC
- AVVENTUROSO
di Topical Term
Records bibliografici associati: 1
001 - CONTROL NUMBER
- control field: 47414
003 - CONTROL NUMBER IDENTIFIER
- control field: IT-RoPau
005 - DATE AND TIME OF LATEST TRANSACTION
- control field: 20151201090012.0
008 - FIXED-LENGTH DATA ELEMENTS
- fixed length control field: 151201|| aca||aabn | a|a d
040 ## - CATALOGING SOURCE
- Original cataloging agency: IT-RoPau
- Transcribing agency: IT-RoPau
150 ## - HEADING--TOPICAL TERM
- Topical term or geographic name entry element: AVVENTUROSO
- : PELLICOLE CINEMA [16 MM]
- General subdivision: Codice MATERIA SPICS: 9955
670 ## - SOURCE DATA FOUND
- Source citation: Work cat.: (IT-RoPau)106538: Sima Jonas Codice regista SPICS: 38757 47412, RAGAZZI DELLA MONTAGNA BLU (I) RAGAZZI DELLA MONTAGNA BLU (I) (Rif. Codice opera principale : V0955)